000 00870nam a2200289Ia 4500
003 OSt
005 20220918171203.0
006 a|||||r|||| 00| 0
007 ta
008 220917b |||||||| |||| 00| 0 eng d
020 _a9781405169677 (hbk)
_c5076.46
024 _a236,664
037 _b194, 20/11/2008, N. R. Book Distributors
_cTextual
040 _aARTS
_cARTS
_beng
041 _2eng
_aeng
082 _aR2, P8
100 _aSosa Ernest Ed.
245 0 _aEpistemology
_b an anthology
250 _a2nd
260 _aMalden
_bBlackwell Publishing USA
_c2008
300 _axiv,917p.
_ccm.
490 _aBlackwell philosophy anthopology
650 _aPHILOSOPHY
700 _a Kim Jaegwon Ed.
_934648
942 _hR2, P8
_cTEXL
_2CC
999 _c138234
_d138234